000 01076cad a22002175a 4500
001 E147405
008 090508s2009 xxkad f s 000 0 eng d
035 _a(Sirsi) u147405
041 0 _aeng
050 0 4 _a333.33 $2 18
245 0 4 _aProperty performance monitor
_h[electronic resource]
260 _aLondon
_bRREEF
_c2009
490 0 4 _aRREEF Property Performance Monitor
_v(21) May 2009
520 _aReports that the National Council of Real Estate Investment Fiduciaries (NCREIF) Property Index continues to drop, recording the biggest four-quarter loss ever. Suggests that although consumers are reining-in spending and despite some bankruptcies amongst retailers, retail properties are still outperforming the NPI.
590 _aKA
651 4 _aUnited States
_y1959-
690 _aPROPERTY-COMMERCIAL PROPERTY-COMMERCIAL PROPERTY MARKET
690 _aPROPERTY-COMMERCIAL PROPERTY-COMMERCIAL PROPERTY FINANCE AND INVESTMENT
856 4 0 _uhttps://www.rreef.com/cps/rde/xchg/ai_en/hs.xsl/3228.html
_zView the report free of charge at www.rreef.com....
942 _n0
999 _c109541
_d109541